000 00543nam a22001457a 4500
999 _c508765
_d508765
020 _a9789385436543
082 _aT2 N227
100 _aRavi Nawal
_94236
245 _aIndia can
_bIdeate. innovate. transform. 21 short stories with innovative ideas for making a difference
_cNawal, Ravi
260 _aNew Delhi
_bBloomsbury
_c2015
300 _a176p.
650 _aEntrepreneurship -- India -- Case studies.
_96778
650 _aEconomic development -- India -- Case studies.
_96779
650 _aSocial planning -- India -- Case studies.
_96780